|
|
|
|
| LEADER |
01621nam a2200433 a 4500 |
| 001 |
nkc20061702522 |
| 003 |
CZ PrNK |
| 005 |
20070517152846.0 |
| 007 |
ta |
| 008 |
061220s2006 xr a f 000 0 cze |
| 015 |
|
|
|a cnb001702522
|
| 020 |
|
|
|a 80-213-1592-X
|q (brož.) :
|c Kč 60,00
|
| 035 |
|
|
|a (OCoLC)124090802
|
| 040 |
|
|
|a OLA001
|b cze
|d BOA001
|
| 072 |
|
7 |
|a 005
|x Management. Řízení
|2 Konspekt
|9 4
|
| 080 |
|
|
|a 005.21
|2 MRF
|
| 080 |
|
|
|a 631.11
|2 MRF
|
| 080 |
|
|
|a (048.8)
|2 MRF
|
| 100 |
1 |
|
|a Štůsek, Jaromír
|7 ola2003188554
|4 aut
|
| 245 |
1 |
0 |
|a Modely strategického myšlení v agribusinessu :
|b GA ČR 402/05/2697 : teoretická východiska řešené problematiky /
|c Jaromír Štůsek a kolektiv
|
| 250 |
|
|
|a Vyd. 1.
|
| 260 |
|
|
|a Praha :
|b Česká zemědělská univerzita v Praze,
|c 2006
|
| 300 |
|
|
|a 61 s. :
|b il. ;
|c 21 cm
|
| 500 |
|
|
|a Nad názvem: Česká zemědělská univerzita v Praze, Provozně ekonomická fakulta, katedra řízení
|
| 500 |
|
|
|a 200 výt.
|
| 504 |
|
|
|a Obsahuje bibliografii
|
| 650 |
0 |
7 |
|a strategický management
|7 ph116291
|2 czenas
|
| 650 |
0 |
7 |
|a zemědělské podniky
|7 ph116764
|2 czenas
|
| 650 |
0 |
9 |
|a strategic planning
|2 eczenas
|
| 650 |
0 |
9 |
|a agricultural enterprises
|2 eczenas
|
| 653 |
0 |
|
|a agribusiness
|
| 655 |
|
7 |
|a studie
|7 fd133597
|2 czenas
|
| 655 |
|
9 |
|a studies
|2 eczenas
|
| 710 |
2 |
|
|a Česká zemědělská univerzita v Praze.
|b Katedra řízení
|7 kn20020321429
|
| 910 |
2 |
|
|a BOA001
|b 2-1181.622
|
| 990 |
|
|
|a BK
|
| 995 |
|
|
|a 01
|
| 991 |
|
|
|b 200703
|c NOV
|
| 996 |
6 |
|
|b 2610303727
|c 2-1181.622
|l MZK
|r Sklad / do 1 hodiny
|n 1
|p p.v.
|w 000842017
|u 000010
|a 1
|e BOA001
|j MZK50
|s P
|